000 00245nam a2200097Ia 4500
001 1207839
005 20250827022834.0
008 250824s9999 xx 000 0 und d
245 0 _aHÜZÜN VE TESADÜF
_cMUSTAFA KUTLU
260 _bDERGAH YAYINLARI
999 _c1207839
_d1207839